Представление документа в формате MARC21

Поле Инд. ПП Название Значение
Тип записи a
Библиографический уровень b
001 Контрольный номер RU/IS/BASE/222343839
005 Дата корректировки 20190522142746.5
008 Кодируемые данные 20070117
040 b Код языка каталог. rus
e Правила каталог. PSBO
041 0_ a Код языка текста rus
084 a Индекс другой классификации/Индекс ББК 65.5-65; 66.4(0),68
245 10 a Заглавие Молодое поколение в контексте развития
b Продолж. заглавия По материалам доклада о мировом развитии в 2007: позиция Международного банка реконструкции и развития : Статья первая
500 a Примечание Публикуется с незначительными сокращениями. - См. вторую статью в № 12, с. 9
500 10 a Примечание Стат. дан. в тексте
504 a Библиография Примеч.
520 0_ a Аннотация "Доклад о мировом развитии предлагает концептуальную основу и содержит примеры мер политики и программ, направленных на решение" проблем, связанных с молодым поколением. "Наше время, как никакое другое, благоприятно для инвестирования в молодежь развивающихся стран, - это основная идея доклада". "Эта категория населения - наиболее здоровая и образованная, станет прочным основание для дальнейшего развития в условиях современного мира, требующего от молодого поколения большего, чем просто наличие базовых знаний и навыков", - говорится во вступлении к публикации. В докладе МБРР рассмотрено пять важнейших этапов жизни молодежи: учеба, работа, сохранение здоровья, создание семьи и осуществление гражданских прав и обязанностей. Три стратегических направления предлагаемых реформ: расширение возможностей, развитие способностей и предоставление повторных шансов
650 a Основная рубрика внешняя политика
a Основная рубрика мировая экономика
a Основная рубрика политика
a Основная рубрика экономика
653 1_ a Ключевые слова Международный банк реконструкции и развития (МБРР)
a Ключевые слова мировое развитие
a Ключевые слова молодежная политика
a Ключевые слова молодежь
a Ключевые слова образование
a Ключевые слова развивающиеся страны
a Ключевые слова социальная политика
a Ключевые слова социально-экономическое развитие
a Ключевые слова человеческий капитал
a Ключевые слова экономическое развитие
773 0_ t Заглавие источника Высшее образование сегодня
d Дата издания источника 2006
g Прочая информация № 11. - С. 8 - 17 : рис.
w Контрольный № источника RU/IS/BASE/222191996
901 t Тип документа b